[Event "Olympiad Women 2024"]
[Site "Budapest HUN"]
[Date "2024.09.11"]
[Round "1.1"]
[Board "1"]
[White "Clarke, Adani"]
[Black "Vaishali, Rameshbabu"]
[Result "0-1"]
[WhiteElo "1919"]
[BlackElo "2498"]
[PlyCount "58"]
[EventDate "2024.09.11"]
[WhiteTeam "Jamaica"]
[BlackTeam "India"]
[WhiteTeamCountry "JAM"]
[BlackTeamCountry "IND"]

1. d4 Nf6 2. c4 e6 3. e3 d5 4. Nf3 a6 5. Qc2 b6 6. Nc3 Bb7 7. cxd5 exd5 8. Bd3 Bd6 9. O-O O-O 10. e4 dxe4 11. Nxe4 Bxe4 $146 ({RR} 11... Nbd7 12. Bg5 h6 13. Bh4 Be7 14. Rfe1 Nxe4 15. Bxe7 Qxe7 16. Bxe4 Bxe4 17. Rxe4 Qd6 18. Rc1 Nf6 19. Re5 Nd5 20. a3 Rad8 21. h3 Nf4 22. Qf5 Ne6 23. d5 Nc5 24. b4 Nd7 25. Re2 Nf6 26. Rd2 {½-½ Danielian,E (2399)-Kashlinskaya,A (2484) Wch Rapid (Women) 2019 (12)}) 12. Bxe4 Nxe4 13. Qxe4 Nd7 14. Bg5 Qe8 15. Qc6 Qe6 16. Kh1 Rae8 17. Rfe1 Nb8 18. Qc3 Qd5 19. a3 h6 20. Bd2 Nc6 21. Rac1 Na5 22. Ne5 Nb3 23. Rcd1 Nxd4 24. Nc4 Ne2 25. Qc2 Bxh2 26. Bf4 Nd4 27. Rxe8 Rxe8 28. Qc1 Bxf4 29. Qxf4 Qh5+ 0-1

[Event "Olympiad Women 2024"]
[Site "Budapest HUN"]
[Date "2024.09.11"]
[Round "1.1"]
[Board "2"]
[White "Divya, Deshmukh"]
[Black "Miller, Rachel"]
[Result "1-0"]
[WhiteElo "2483"]
[BlackElo "1912"]
[PlyCount "151"]
[EventDate "2024.09.11"]
[WhiteTeam "India"]
[BlackTeam "Jamaica"]
[WhiteTeamCountry "IND"]
[BlackTeamCountry "JAM"]

1. c4 e6 2. Nc3 d5 3. d4 a6 4. cxd5 exd5 5. Qb3 c5 6. Qxd5 cxd4 7. Qxd8+ Kxd8 8. Nd5 Be6 9. Nf4 Bb4+ 10. Bd2 Bxd2+ 11. Kxd2 Nf6 12. g3 Nc6 13. Bg2 Re8 ({RR} 13... Ke7 14. Ngh3 Rac8 15. Rhc1 Bf5 16. Rc5 Be4 17. f3 Nd7 18. Rcc1 Bf5 19. Nf2 f6 20. Nd5+ Kd6 21. e4 dxe3+ 22. Nxe3 Be6 23. f4 Rhd8 24. Bxc6 Rxc6 25. Rxc6+ Kxc6 26. Rc1+ Kb6 27. a3 Nc5+ 28. Ke2 {½-½ Doric,D (2456)-Bodrogi,B (2261) 28th HIT Open 2024 (8.5)}) 14. Ngh3 Bxh3 15. Nxh3 Ne4+ $146 ({RR} 15... Kc7 16. Rac1 Ne4+ 17. Bxe4 Rxe4 18. Nf4 g5 19. Nd3 Rae8 20. Rhe1 Kd6 21. Rc4 b5 22. Rc5 f6 23. Rcc1 R4e7 24. b3 h6 25. h3 Rc7 26. a4 Na5 27. Rxc7 Kxc7 28. axb5 axb5 29. Rb1 Kd6 30. Nc1 {½-½ Vidit,S (2718)-Rakhmanov,A (2606) FIDE World Cup 2019 (2.1)}) ({RR} 15... Kc7 16. Rac1 Re5 17. Nf4 Rae8 18. h4 h6 19. Bf3 Ne4+ 20. Bxe4 Rxe4 21. Rc5 R4e5 22. Rhc1 Kd6 23. Rxe5 Rxe5 24. Nd3 Ra5 25. a3 h5 26. Rg1 g6 27. f3 Ne5 28. Rc1 Nc6 29. g4 hxg4 30. fxg4 {1-0 Steingrimsson,H (2513)-Koykka,P (2361) Heart of Finland op 30th 2022 (7)}) 16. Bxe4 Rxe4 17. Rhc1 h6 18. Rc5 Kc7 19. Nf4 Rae8 20. h4 f6 21. h5 R4e5 22. Rac1 Kd6 23. R5c4 Rb5 24. R1c2 Ree5 25. a3 Rg5 26. Kc1 Ke7 27. Kb1 Kd6 28. Ka2 Ke7 29. Kb1 Kd6 30. Rd2 Ke7 31. Rc1 Rb3 32. Ka2 Rbb5 33. Rcd1 Kf7 34. Rc2 Ra5 35. Kb1 Rab5 36. Rd3 Rbe5 37. Rcd2 Re7 38. Ka2 Ra5 39. Rb3 Rg5 40. Rb6 Rb5 41. Rxb5 axb5 42. Rc2 Re5 43. b4 Ke8 44. Rd2 Kf7 45. Kb3 Ke8 46. a4 bxa4+ 47. Kxa4 b5+ 48. Kb3 Kd7 49. e3 Re4 50. Ne2 Kc7 51. Nxd4 Nxd4+ 52. Rxd4 Re5 53. g4 f5 54. Kc3 Kc6 55. Kd3 fxg4 56. Rxg4 Rd5+ 57. Ke4 Rxh5 58. Rg6+ Kd7 59. Rxg7+ Ke6 60. f4 Rh1 61. Rb7 h5 62. Rxb5 h4 63. Re5+ Kf6 64. b5 h3 65. Rh5 Rb1 66. b6 Kg6 67. Rxh3 Rxb6 68. f5+ Kf7 69. Rh7+ Kf8 70. Rc7 Ra6 71. Kf4 Ra5 72. e4 Ra1 73. Kg5 Re1 74. Kf6 Kg8 75. e5 Rh1 76. e6 1-0

[Event "Olympiad Women 2024"]
[Site "Budapest HUN"]
[Date "2024.09.11"]
[Round "1.1"]
[Board "3"]
[White "Brown, Raehanna"]
[Black "Vantika, Agrawal"]
[Result "1/2-1/2"]
[WhiteElo "1910"]
[BlackElo "2370"]
[PlyCount "105"]
[EventDate "2024.09.11"]
[WhiteTeam "Jamaica"]
[BlackTeam "India"]
[WhiteTeamCountry "JAM"]
[BlackTeamCountry "IND"]

1. c4 e5 2. Nc3 Nf6 3. g3 Bb4 4. Bg2 O-O 5. d3 Re8 6. e4 c6 7. Bg5 h6 8. Bxf6 Qxf6 9. Nge2 d6 10. O-O Na6 11. Qd2 $146 ({RR} 11. Kh1 Bg4 12. f3 Be6 13. f4 Bg4 14. fxe5 Qxe5 15. d4 Qe6 16. Qd3 Bxc3 17. Nf4 Qe7 18. bxc3 Nc7 19. h3 Bc8 20. Rae1 Ne6 21. Nh5 Qg5 22. Qf3 Qg6 23. g4 Bd7 {1-0 Volosin,V (2265)-Foldi,I (2410) HUN-chT2 9899 1998}) 11... h5 12. Rad1 h4 13. h3 hxg3 14. fxg3 Qe7 15. Kh2 Nc5 16. a3 Bxc3 17. Qxc3 Qg5 18. d4 exd4 19. Qxd4 Re6 20. Rf5 Qe7 21. Nf4 Re5 22. Rxe5 dxe5 23. Qd8+ Qf8 24. Qc7 Be6 25. Nxe6 Nxe6 26. Qxe5 Rd8 27. Rxd8 Qxd8 28. Qc3 Qd1 29. Qf3 Qc2 30. Qe3 b6 31. b3 Nc5 32. b4 Ne6 33. e5 Qxc4 34. Qf3 Nd4 35. Qg4 c5 36. Qd7 Qe6 37. Qxa7 Qxe5 38. Qxb6 Nf5 39. Qxc5 Qxg3+ 40. Kg1 Ne3 41. Qc6 Nxg2 42. Qa8+ Kh7 43. Qxg2 Qxa3 44. Qe4+ g6 45. Qh4+ Kg7 46. Qd4+ f6 47. h4 Qa4 48. Kf2 Qb5 49. Qa7+ Kf8 50. Qc5+ Qxc5+ 51. bxc5 Ke7 52. Ke3 Kd7 53. Kd3 1/2-1/2

[Event "Olympiad Women 2024"]
[Site "Budapest HUN"]
[Date "2024.09.11"]
[Round "1.1"]
[Board "4"]
[White "Tania, Sachdev"]
[Black "Watson, Gabriella"]
[Result "1-0"]
[WhiteElo "2386"]
[BlackElo "1826"]
[PlyCount "81"]
[EventDate "2024.09.11"]
[WhiteTeam "India"]
[BlackTeam "Jamaica"]
[WhiteTeamCountry "IND"]
[BlackTeamCountry "JAM"]

1. d4 d5 2. c4 c6 3. Nf3 Nf6 4. Nc3 dxc4 5. a4 Bf5 6. Ne5 e6 7. e3 Nbd7 8. Nxc4 Bb4 9. Be2 O-O 10. O-O a5 11. Qb3 Qc7 12. f4 $146 ({RR} 12. f3 e5 13. Na2 Bd6 14. dxe5 Bxe5 15. Nxe5 Qxe5 16. e4 Be6 17. Qd1 Nc5 18. Be3 Nb3 19. Nc3 Nxa1 20. Qxa1 Rfe8 21. Qe1 Bb3 22. f4 Qe7 23. Bd3 Nd5 24. Bd4 Nb4 25. Qg3 f6 26. Be2 Rad8 {0-1 Fyllingen,R-Bjornsson,T (2300) Arnold Cup Gausdal 1990 (1)}) ({RR} 12. Na2 Be7 13. f3 b5 14. axb5 a4 15. Qc3 cxb5 16. Na3 Qb6 17. Nxb5 Rfc8 18. Qe1 e5 19. Kh1 Bc2 20. Nac3 Bb3 21. Bd2 Bc4 22. Qd1 Bb3 23. Qb1 Bc4 24. Bd3 exd4 25. exd4 Ra5 26. Re1 Bf8 {1-0 Li,G (2331)-Chubakov,S (2330) SixDays July GMB 2024 (8.1)}) ({RR} 12. Na2 Be7 13. f3 e5 14. dxe5 Nxe5 15. Nxe5 Qxe5 16. e4 Bc5+ 17. Kh1 Bd6 18. g3 Nh5 19. f4 Bxe4+ 20. Kg1 Bc5+ 21. Be3 Qe6 22. Qc3 Qh3 23. Rf2 Bxe3 24. Qxe3 Rfe8 25. Nc3 Bd5 26. Qd3 Nf6 {0-1 Gazik,R (2115)-Kludacz,M (2105) POL-ch (Women) 1996 (5)}) 12... Nb6 13. Ne5 h6 14. Bd2 Bxc3 15. bxc3 Ne4 16. Be1 Nd5 17. c4 Ne7 18. Bd3 Rfd8 19. g4 Bh7 20. Qc2 f5 21. gxf5 exf5 22. Kh1 Re8 23. Rg1 c5 24. d5 Ra6 25. Rb1 Ng6 26. Nf3 Rf6 27. Nd2 Qe7 28. Nf1 b6 29. Rb2 Rd6 30. Qb1 Qc7 31. Rbg2 Re7 32. Be2 Rf6 33. Bh5 Nf8 34. Bh4 g5 35. fxg5 hxg5 36. Rxg5+ Nxg5 37. Bxg5 Rg7 38. Bxf6 Rxg1+ 39. Kxg1 Qd6 40. Qb2 Nd7 41. Qg2+ 1-0

[Event "Olympiad Women 2024"]
[Site "Budapest HUN"]
[Date "2024.09.11"]
[Round "1.2"]
[Board "1"]
[White "Gaal, Zsoka"]
[Black "Morales Santos, Natasha"]
[Result "1-0"]
[WhiteElo "2385"]
[BlackElo "1972"]
[PlyCount "77"]
[EventDate "2024.09.11"]
[WhiteTeam "Hungary"]
[BlackTeam "Puerto Rico"]
[WhiteTeamCountry "HUN"]
[BlackTeamCountry "PUR"]

1. Nf3 c5 2. c4 Nc6 3. Nc3 g6 4. g3 Bg7 5. Bg2 e5 6. O-O d6 7. a3 Nge7 8. d3 O-O 9. Rb1 f5 10. Bd2 Kh8 11. b4 Rb8 12. Qc1 Be6 13. Bh6 Bxh6 $146 ({RR} 13... Qd7 14. Bxg7+ Kxg7 15. bxc5 dxc5 16. Qe3 f4 17. Qxc5 b6 18. Qb5 a6 19. Qxa6 Bh3 20. Rxb6 fxg3 21. hxg3 Ra8 22. Qb7 {1-0 Petersen,T (2331)-Brinck Claussen,B (2260) DEN-chT 1213 2012 (2.3)}) 14. Qxh6 Ng8 15. Qe3 Nf6 16. bxc5 Ng4 17. Qg5 dxc5 18. Qxd8 Rfxd8 19. Ng5 Bg8 20. Bxc6 bxc6 21. Na4 h6 22. Nh3 e4 23. Nxc5 exd3 24. exd3 Ne5 25. f4 Nf3+ 26. Kg2 Nd4 27. Kf2 Rb6 28. Rfc1 Rdb8 29. Rxb6 Rxb6 30. Ke3 Nb3 31. Nxb3 Rxb3 32. Ng1 Kg7 33. Nf3 Rxa3 34. Ne5 a5 35. Nxc6 a4 36. Nd4 Ra2 37. c5 Rb2 38. c6 Rb8 39. c7 1-0

[Event "Olympiad Women 2024"]
[Site "Budapest HUN"]
[Date "2024.09.11"]
[Round "1.2"]
[Board "2"]
[White "Rivera Negron, Yanira"]
[Black "Terbe, Julianna"]
[Result "0-1"]
[WhiteElo "1805"]
[BlackElo "2245"]
[PlyCount "76"]
[EventDate "2024.09.11"]
[WhiteTeam "Puerto Rico"]
[BlackTeam "Hungary"]
[WhiteTeamCountry "PUR"]
[BlackTeamCountry "HUN"]

1. d4 d5 2. c4 e6 3. Nc3 c6 4. Bf4 dxc4 5. e4 b5 6. a3 Nf6 7. Nf3 Bb7 8. Qc2 $146 ({RR} 8. Bg5 Be7 9. Be2 O-O 10. O-O Nbd7 11. h3 h6 12. Bh4 a6 13. Qc2 c5 14. Rad1 b4 15. axb4 cxb4 16. Nb1 Bxe4 17. Qxc4 Nb6 18. Qb3 Bd5 19. Qc2 Rc8 20. Qd2 a5 21. Ne5 Ne4 22. Bxe7 Qxe7 {1-0 Jayakumar,B-Lavrishchev,M (1324) EU-ch Schools U11 rapid 2021 (3)}) ({RR} 8. Be2 Be7 9. O-O O-O 10. Qc2 Qc8 11. Rad1 Rd8 12. e5 Nd5 13. Ng5 g6 14. Nxd5 Rxd5 15. Qc3 Qd8 16. Qg3 Qf8 17. Bg4 Bc8 18. Ne4 Qg7 19. Bg5 Bxg5 20. Nxg5 Rd8 21. Qh4 Re8 22. Ne4 Nd7 {1-0 Kim,S (1539)-Nazaryan,A Wch U08 Vung Tau 2008 (2)}) 8... Nbd7 9. Rd1 Qb6 10. Ne5 Nxe5 11. Bxe5 Rd8 12. Be2 Be7 13. O-O O-O 14. Bf3 a6 15. Rfe1 Rd7 16. Rd2 Rfd8 17. Red1 Ne8 18. d5 Bg5 19. Bd4 c5 20. Be3 Bxe3 21. fxe3 e5 22. Rf2 Nd6 23. Be2 b4 24. Na4 Qa5 25. axb4 cxb4 26. Ra1 Rc7 27. Rff1 Bc8 28. Qb1 Bd7 29. b3 cxb3 30. Qxb3 Nxe4 31. Nb2 Qc5 32. Nd3 Qxe3+ 33. Kh1 Qxe2 34. Rae1 Rc3 35. Rxe2 Rxb3 36. Nc1 Nc3 37. Rxe5 Rb1 38. Re7 Na2 0-1

[Event "Olympiad Women 2024"]
[Site "Budapest HUN"]
[Date "2024.09.11"]
[Round "1.2"]
[Board "3"]
[White "Papp, Petra"]
[Black "Vega Jimenez, Keyshla M."]
[Result "1-0"]
[WhiteElo "2259"]
[BlackElo "1769"]
[PlyCount "45"]
[EventDate "2024.09.11"]
[WhiteTeam "Hungary"]
[BlackTeam "Puerto Rico"]
[WhiteTeamCountry "HUN"]
[BlackTeamCountry "PUR"]

1. d4 Nf6 2. Nf3 e6 3. Bf4 d5 4. e3 Bd6 5. Ne5 O-O 6. Nd2 c5 7. c3 Qc7 8. Bd3 Nbd7 ({RR} 8... b6 9. h4 Ba6 10. Bxa6 Nxa6 11. h5 Nd7 12. Ndf3 f6 13. Nd3 cxd4 14. Nxd4 e5 15. Ne6 Qc4 16. Nxf8 Bxf8 17. Bg3 Ndc5 18. Nxc5 Nxc5 19. Rh4 e4 20. Qe2 Nd3+ 21. Kf1 f5 22. Kg1 Rc8 23. Rh1 {1-0 Firouzja,A (2749)-Duda,J (2743) Tata Steel 83rd 2021 (7)}) 9. Ndf3 b6 10. h4 Nh5 $146 ({RR} 10... Bb7 11. h5 Ne4 12. h6 g6 13. Nxd7 Qxd7 14. Bxe4 dxe4 15. Ne5 Bxe5 16. dxe5 Qxd1+ 17. Rxd1 Rfd8 18. Rd6 Rxd6 19. exd6 f6 20. O-O e5 21. Bg3 Rd8 22. Rd1 Kf7 23. f4 exf3 24. gxf3 Ke6 25. e4 {0-1 Narayanan,S (2533)-Fromm,M (2454) Titled Tue 9th Apr Early 2024 (5)}) ({RR} 10... Bb7 11. h5 Ne4 12. Nxd7 Qxd7 13. Ne5 Qc7 14. Qg4 f5 15. Qh3 Nf6 16. f3 a5 17. Qh2 Rad8 18. Bb5 h6 19. Qg3 Kh7 20. O-O-O Bxe5 21. Qg6+ Kh8 22. Bxe5 Qf7 23. Rdg1 Kg8 24. Bd3 Bc6 25. g4 {½-½ Donchenko,A (2676)-Van Foreest,L (2540) Bundesliga 2023-24 (12.3)}) 11. Bxh7+ Kh8 12. Bd3 Nxf4 13. exf4 cxd4 14. cxd4 Bb4+ 15. Kf1 Nf6 16. Rc1 Qb7 17. Ng5 Kg8 18. g3 Bd6 19. Qe2 a5 20. Kg2 Bd7 21. Ng4 Ne8 22. Nh7 f5 23. Nxf8 1-0

[Event "Olympiad Women 2024"]
[Site "Budapest HUN"]
[Date "2024.09.11"]
[Round "1.2"]
[Board "4"]
[White "Alvarado Perez, Coralys M."]
[Black "Lazarne Vajda, Szidonia"]
[Result "0-1"]
[WhiteElo "1694"]
[BlackElo "2283"]
[PlyCount "148"]
[EventDate "2024.09.11"]
[WhiteTeam "Puerto Rico"]
[BlackTeam "Hungary"]
[WhiteTeamCountry "PUR"]
[BlackTeamCountry "HUN"]

1. e4 c6 2. g3 d5 3. Bg2 dxe4 4. Bxe4 Nf6 5. Bg2 e5 6. d3 ({RR} 6. Ne2 Bd6 7. O-O O-O 8. d4 Bf5 9. h3 Nbd7 10. g4 Be6 11. f4 exf4 12. Bxf4 Bxf4 13. Nxf4 Bc4 14. Rf2 Nd5 15. Nd2 Nxf4 16. Rxf4 Bd5 17. Bxd5 cxd5 18. Qf3 Nf6 19. Re1 Qb6 20. Qb3 Rfe8 {1-0 Lianes Garcia,M (2405)-Slovineanu,V (2412) Titled Tue 23rd Jul Early 2024 (8)}) 6... Bc5 7. Ne2 O-O 8. O-O Be6 $146 ({RR} 8... Bg4 9. Nbc3 h6 10. Na4 Bd6 11. Be3 Na6 12. f3 Be6 13. Nac3 Nc7 14. Ne4 Be7 15. Nxf6+ Bxf6 16. Nc3 Nd5 17. Nxd5 Bxd5 18. Qd2 Re8 19. c3 Qd7 20. b3 b6 21. Rad1 Rad8 22. Qc2 Qc8 23. Rf2 {0-1 Mruskovic,R-Banas,K (2035) Bratislava Slovan op 1998 (9)}) 9. Nd2 Nbd7 10. h3 Re8 11. Kh2 Bd5 12. f3 Bf8 13. Ne4 c5 14. N2c3 Bc6 15. f4 Nxe4 16. Nxe4 f5 17. Nc3 Bxg2 18. Kxg2 Qc7 19. Qf3 g6 20. fxe5 Nxe5 21. Qd5+ Qf7 22. Bf4 Rad8 23. Qxf7+ Nxf7 24. Rfe1 Bg7 25. Bd2 Kf8 26. Rxe8+ Rxe8 27. Re1 Rxe1 28. Bxe1 Nd6 29. Kf3 Ke7 30. Bd2 Ke6 31. b3 Nf7 32. Ne2 g5 33. c3 Ne5+ 34. Kg2 h6 35. d4 Nd7 36. dxc5 Nxc5 37. Nd4+ Bxd4 38. cxd4 Ne4 39. Bc1 Kd5 40. Bb2 h5 41. Kf3 a5 42. h4 g4+ 43. Kf4 Ke6 44. Ba1 b5 45. Bb2 a4 46. bxa4 bxa4 47. a3 Kd5 48. Ba1 Kc4 49. Bb2 Kd5 50. Ba1 Ke6 51. Bb2 Kd6 52. Ba1 Kd5 53. Bb2 Kc4 54. Kxf5 Nxg3+ 55. Ke6 Ne2 56. d5 Nf4+ 57. Kf5 Nxd5 58. Be5 Kd3 59. Kg5 Ke4 60. Bd6 Kf3 61. Kxh5 g3 62. Kg5 g2 63. Bh2 Kf2 64. h5 Ne3 65. h6 Nf1 66. Bg1+ Kxg1 67. h7 Kf2 68. h8=Q g1=Q+ 69. Kf6 Qg3 70. Ke6 Qb3+ 71. Kd7 Qxa3 72. Qd4+ Ne3 73. Qf4+ Ke2 74. Qh2+ Kd3 0-1

[Event "Olympiad Women 2024"]
[Site "Budapest HUN"]
[Date "2024.09.11"]
[Round "1.3"]
[Board "1"]
[White "Javakhishvili, Lela"]
[Black "Rouda Essa, Alserkal"]
[Result "1-0"]
[WhiteElo "2446"]
[BlackElo "2036"]
[PlyCount "39"]
[EventDate "2024.09.11"]
[WhiteTeam "Georgia"]
[BlackTeam "United Arab Emirates"]
[WhiteTeamCountry "GEO"]
[BlackTeamCountry "UAE"]

1. d4 Nf6 2. Nf3 e6 3. Bf4 d5 4. e3 c5 5. Nbd2 Nc6 6. c3 Qb6 7. Rb1 Be7 8. Bd3 O-O 9. h4 ({RR} 9. Ne5 Bd7 10. Qf3 Be8 11. Qh3 cxd4 12. exd4 Nxe5 13. dxe5 Ne4 14. Nxe4 dxe4 15. Bxe4 g6 16. Bh6 Bb5 17. Bxf8 Bxf8 18. Bd3 Rd8 19. Rd1 Bxd3 20. Rxd3 Rxd3 21. Qxd3 Qxb2 22. O-O Qxa2 23. g3 Qa5 {1-0 Grischuk,A (2742)-Moussard,J (2630) Titled Tuesday intern op 26th Apr Late blitz 2022 (8)}) 9... Re8 10. Ne5 cxd4 11. exd4 Nxe5 $146 ({RR} 11... Bd6 12. Nec4 Bxf4 13. Nxb6 axb6 14. O-O e5 15. dxe5 Nxe5 16. Nf3 Bg4 17. Be2 Ne4 18. Nxe5 Bxe2 19. Qxe2 Nd2 20. Qg4 Bxe5 21. Rbe1 Nxf1 22. Kxf1 Bf6 23. Rxe8+ Rxe8 24. Qd7 Rd8 25. Qxb7 d4 26. cxd4 {1-0 Grochol,K (2123)-Janzer,H (1942) TCh-POL 2nd League 2024 (9.50)}) 12. dxe5 Nd7 13. Qh5 Nf8 14. Nf3 Bd7 15. Bxh7+ Nxh7 16. Ng5 Nf8 17. Qxf7+ Kh8 18. h5 Bb5 19. h6 g6 20. Qg7# 1-0

[Event "Olympiad Women 2024"]
[Site "Budapest HUN"]
[Date "2024.09.11"]
[Round "1.3"]
[Board "2"]
[White "Al Maamari, Wafia Darwish"]
[Black "Batsiashvili, Nino"]
[Result "0-1"]
[WhiteElo "1908"]
[BlackElo "2461"]
[PlyCount "122"]
[EventDate "2024.09.11"]
[WhiteTeam "United Arab Emirates"]
[BlackTeam "Georgia"]
[WhiteTeamCountry "UAE"]
[BlackTeamCountry "GEO"]

1. Nf3 d5 2. b3 c5 3. e3 Nf6 4. Bb2 e6 5. c4 Nc6 6. cxd5 exd5 7. d4 Bg4 8. Be2 Bxf3 9. Bxf3 cxd4 10. Bxd4 Nxd4 11. Qxd4 Qa5+ 12. Ke2 Rc8 13. Rd1 Be7 14. a3 O-O 15. b4 $146 ({RR} 15. Ra2 Rfd8 16. b4 Qc7 17. g3 a5 18. bxa5 Qxa5 19. Kf1 Bc5 20. Qd2 Qa6+ 21. Qe2 Qe6 22. Rad2 Rd6 23. Kg2 Ne4 24. Bxe4 dxe4 25. Rxd6 Bxd6 26. Qd2 Bf8 27. Qd7 Qf6 28. Nd2 Qc6 29. Qxc6 Rxc6 {½-½ Katishonok,N (2265)-Berzinsh,R (2395) LAT-ch Riga 1993}) 15... Qa4 16. Nd2 Rfe8 17. Qd3 Rc2 18. Rdc1 Rec8 19. Rxc2 Rxc2 20. Bxd5 Nxd5 21. Qxd5 Qa6+ 22. Qd3 Qc6 23. Kf1 g6 24. Ne4 Rc4 25. Ng3 Bf6 26. Rd1 Rc3 27. Qd5 Qxd5 28. Rxd5 Rxa3 29. Ne4 Be7 30. b5 b6 31. Rd7 Kf8 32. Ke2 h6 33. g4 Ra5 34. h3 Rxb5 35. Rxa7 Rb2+ 36. Kf3 Bh4 37. Rb7 b5 38. Ng3 b4 39. Ne4 b3 40. Ng3 Bxg3 41. Kxg3 Rb1 42. Kf3 Ke8 43. Ke4 Rb2 44. f4 Kf8 45. Kd3 Kg7 46. Kc3 Rh2 47. Rxb3 Rxh3 48. Kd4 Rg3 49. g5 hxg5 50. fxg5 Rxg5 51. Ke4 Rf5 52. Rb1 Rf2 53. Rb7 g5 54. Rb5 Kg6 55. Rb6+ Kh5 56. Kd3 f5 57. Re6 g4 58. e4 g3 59. exf5 Rxf5 60. Re2 Kg4 61. Kd2 Kh3 0-1

[Event "Olympiad Women 2024"]
[Site "Budapest HUN"]
[Date "2024.09.11"]
[Round "1.3"]
[Board "3"]
[White "Khotenashvili, Bella"]
[Black "Mariam, Essa"]
[Result "1-0"]
[WhiteElo "2432"]
[BlackElo "1779"]
[PlyCount "79"]
[EventDate "2024.09.11"]
[WhiteTeam "Georgia"]
[BlackTeam "United Arab Emirates"]
[WhiteTeamCountry "GEO"]
[BlackTeamCountry "UAE"]

1. Nf3 Nf6 2. g3 b5 3. Bg2 Bb7 4. Na3 a6 5. c4 e5 6. O-O ({RR} 6. cxb5 Bxa3 7. bxa3 axb5 8. O-O d6 9. Qb3 Bc6 10. Ng5 O-O 11. Bxc6 Nxc6 12. Qxb5 Nd4 13. Qd3 h6 14. Nf3 Nxf3+ 15. Qxf3 Ra4 16. Qc6 Ra5 17. Bb2 Qb8 18. Rab1 Rb5 19. Qc2 Qb7 20. a4 Rc5 {1-0 Gutierrez Olivares,D (2354)-Mrudul,D (1981) Titled Tue 19th Mar Early 2024 (8)}) 6... Bxa3 7. bxa3 e4 $146 ({RR} 7... d6 8. Rb1 c5 9. cxb5 axb5 10. Rxb5 Bc6 11. Rb1 Ba4 12. Qe1 Nc6 13. d3 O-O 14. Bg5 h6 15. Bxf6 Qxf6 16. Nd2 Ra6 17. Ne4 Qd8 18. Nc3 Qa5 19. Nd5 Nd4 20. Rb2 Bd7 21. Qxa5 Rxa5 22. e3 {0-1 Maksimenko,A (2547)-Skoberne,J (2557) AUT-chT 1314 2013 (5.6)}) ({RR} 7... d6 8. Rb1 O-O 9. cxb5 axb5 10. Rxb5 Bc6 11. Rb1 Bd5 12. d3 c5 13. Nd2 Bxg2 14. Kxg2 Nc6 15. Ne4 h6 16. Nxf6+ Qxf6 17. Rb6 Rfc8 18. Qb3 Rcb8 19. Be3 Rxb6 20. Qxb6 Ne7 21. Rb1 Qe6 22. Rb3 {½-½ Artemiev,V (2697)-Andreikin,D (2729) AI Cup Div 2 W 2023 (3.3)}) ({RR} 7... d6 8. Rb1 O-O 9. cxb5 axb5 10. Rxb5 Bd5 11. d4 e4 12. Ne1 Nbd7 13. Nc2 Bxa2 14. Ne3 c6 15. Rb2 Rxa3 16. Nf5 Bd5 17. Bf4 Ne8 18. Nxd6 g5 19. Nb7 Qf6 20. Bd2 Ra7 21. Qc1 h6 22. Nc5 {½-½ Efimenko,Z (2655)-Tomczak,J (2583) Warsaw Najdorf Memorial op-A 14th 2016 (3)}) 8. Nd4 Nc6 9. Nf5 O-O 10. Bb2 Re8 11. d3 Ne5 12. Qd2 e3 13. Nxe3 Bxg2 14. Kxg2 d5 15. cxd5 Nxd5 16. Nf5 Nb6 17. Rad1 f6 18. f4 Nf7 19. e4 c5 20. Qe2 Qd7 21. Rf2 Nd6 22. Ne3 Qe6 23. Qf3 Rad8 24. Bc3 b4 25. axb4 Nb5 26. Ba1 cxb4 27. Nf5 Nd5 28. Rc1 Ndc3 29. Bxc3 Nxc3 30. a3 a5 31. axb4 axb4 32. Rb2 g6 33. Nh6+ Kg7 34. Rxb4 Qa2+ 35. Kh3 Qe2 36. Qg4 Qxg4+ 37. Nxg4 Re7 38. Rxc3 h5 39. Ne3 f5 40. e5 1-0

[Event "Olympiad Women 2024"]
[Site "Budapest HUN"]
[Date "2024.09.11"]
[Round "1.3"]
[Board "4"]
[White "Anoud Eisa Bashkardi"]
[Black "Melia, Salome"]
[Result "0-1"]
[WhiteElo "1811"]
[BlackElo "2293"]
[PlyCount "84"]
[EventDate "2024.09.11"]
[WhiteTeam "United Arab Emirates"]
[BlackTeam "Georgia"]
[WhiteTeamCountry "UAE"]
[BlackTeamCountry "GEO"]

1. e4 c5 2. Nf3 Nc6 3. Bb5 g6 4. O-O Bg7 5. Re1 e5 6. c3 Nge7 7. d3 O-O 8. Be3 d6 9. h3 h6 10. d4 exd4 ({RR} 10... Qb6 11. Bxc6 Nxc6 12. dxc5 Qxb2 13. Nbd2 dxc5 14. Bxc5 Rd8 15. Qc1 Qb5 16. Nb3 Be6 17. Be3 Bxb3 18. axb3 Kh7 19. b4 Rac8 20. Qb1 b6 21. Rd1 Qc4 22. Rxd8 Rxd8 23. Qb2 Qxe4 24. b5 Na5 25. Re1 {0-1 Bauyrzhan,A (2029)-Engin,O (2101) Titled Tue 30th Apr Early 2024 (5)}) 11. cxd4 Qb6 12. dxc5 $146 ({RR} 12. Bxc6 Nxc6 13. Qd2 Kh7 14. e5 Qd8 15. d5 Nxe5 16. Nxe5 Bxe5 17. Bxh6 Bg7 18. Bg5 f6 19. Bf4 g5 20. Be3 Bf5 21. Nc3 Qd7 22. a4 Rae8 23. a5 Bg6 24. Qd1 Ra8 25. h4 gxh4 26. Ra4 Rh8 {1-0 Jasik,K (2341)-Borgula,R (2237) POL-chT 2nd League 2005 (6.8)}) ({RR} 12. Na3 cxd4 13. Bf4 Ne5 14. Rb1 a6 15. Bf1 Be6 16. b3 Nxf3+ 17. Qxf3 d5 18. exd5 Nxd5 19. Nc4 Qd8 20. Be5 b5 21. Bxg7 Kxg7 22. Ne5 Nc3 23. Rb2 Qd5 24. Rd2 Rfd8 25. Nc6 Qxf3 26. gxf3 Rd6 {0-1 Hartikainen,M (2304)-Lalic,B (2507) Cappelle op 24th 2008 (8)}) 12... dxc5 13. Qe2 Nd4 14. Bxd4 cxd4 15. Na3 Be6 16. Bc4 d3 17. Qxd3 Rfd8 18. Qe3 Qxe3 19. Rxe3 Bxb2 20. Rb1 Bxa3 21. Bxe6 Bc5 22. Rc3 b6 23. Bb3 Nc6 24. Rd1 Rxd1+ 25. Bxd1 Rd8 26. Bb3 Kg7 27. Kf1 Nb4 28. Ne5 f6 29. Nc4 Re8 30. f3 Rd8 31. Ne3 Rd2 32. Nc4 Rf2+ 33. Ke1 Rxg2 34. f4 g5 35. a3 Nc6 36. e5 gxf4 37. e6 Rg3 38. Rxg3+ fxg3 39. Kf1 Nd4 40. Bd1 Nxe6 41. Kg2 Bf2 42. a4 Nf4+ 0-1

[Event "Olympiad Women 2024"]
[Site "Budapest HUN"]
[Date "2024.09.11"]
[Round "1.4"]
[Board "1"]
[White "Castillo Beitia, Ashley Alexandra"]
[Black "Socko, Monika"]
[Result "0-1"]
[WhiteElo "2071"]
[BlackElo "2422"]
[PlyCount "68"]
[EventDate "2024.09.11"]
[WhiteTeam "Panama"]
[BlackTeam "Poland"]
[WhiteTeamCountry "PAN"]
[BlackTeamCountry "POL"]

1. d4 Nf6 2. c4 e6 3. Nf3 b6 4. Nc3 Bb4 5. Bd2 Bb7 6. e3 O-O 7. Be2 d5 8. cxd5 exd5 9. O-O Bd6 ({RR} 9... a6 10. Ne5 Bd6 11. f4 c5 12. Bf3 b5 13. Kh1 Qb6 14. Be1 c4 15. Bh4 Ne4 16. Bxe4 dxe4 17. f5 f6 18. Ng6 Rf7 19. Qg4 Nd7 20. Nf4 b4 21. Nce2 a5 22. Ne6 Rc8 23. Bg3 a4 24. h4 {½-½ Vasilev,V (2335)-Eljanov,P (2684) BUL-chT-A 62nd 2012 (1.1)}) ({RR} 9... Nbd7 10. Rc1 a6 11. Ne5 Re8 12. f4 Bxc3 13. Bxc3 Ne4 14. Be1 c5 15. Bf3 cxd4 16. exd4 Rc8 17. Rxc8 Bxc8 18. Qb3 Nxe5 19. fxe5 Be6 20. Qe3 Qg5 21. Bd2 Qxe3+ 22. Bxe3 Rc8 23. Rc1 Rxc1+ 24. Bxc1 {½-½ Peycheva,G (2261)-Rotunno,F (2168) 57th Biel Rapid Open 2024 (9.17)}) 10. Nb5 Be7 11. Rc1 c5 $146 ({RR} 11... c6 12. Nc3 Nbd7 13. Bd3 c5 14. b3 Ne4 15. Qe2 a6 16. Rfd1 Re8 17. Be1 Bf8 18. dxc5 bxc5 19. Bxe4 dxe4 20. Nd2 Qc7 21. Nc4 Nf6 22. Rd2 Re6 23. Rcd1 Rae8 24. h3 h6 25. Qf1 Bc6 26. Ne2 {0-1 Jovanovic,D (2144)-Pavlovic,G (2348) Serbia-chT central 2003}) 12. dxc5 bxc5 13. b4 a6 14. Na3 cxb4 15. Nc2 Nc6 16. Ncd4 Nxd4 17. Nxd4 Ne4 18. Rb1 a5 19. a3 Nxd2 20. Qxd2 g6 21. Rfd1 Qd7 22. Qb2 Ba6 23. axb4 axb4 24. Ra1 Bxe2 25. Nxe2 Rxa1 26. Qxa1 Rd8 27. Nf4 Qc6 28. Qd4 Bf6 29. Nxd5 Kg7 30. Qd3 Qa4 31. e4 b3 32. Qf3 Be5 33. Rb1 b2 34. g3 Qc2 0-1